Seeds that give : Participatory plant breeding
This book presents fragments of the ardous biodiversity research work carried out and ongoing in numerous, often far away and little known places around the world.
Shranjeno v:
| Glavni avtor: | |
|---|---|
| Format: | Knjiga |
| Jezik: | Undetermined |
| Izdano: |
Canada
International development resesearch center
2003
|
| Teme: | |
| Oznake: |
Označite
Brez oznak, prvi označite!
|
| Thư viện lưu trữ: | Trung tâm Học liệu Trường Đại học Cần Thơ |
|---|
| LEADER | 00777nam a2200217Ia 4500 | ||
|---|---|---|---|
| 001 | CTU_161922 | ||
| 008 | 210402s9999 xx 000 0 und d | ||
| 020 | |c 20.00 | ||
| 082 | |a 631.52 | ||
| 082 | |b V539 | ||
| 100 | |a Vernooy, Ronnie | ||
| 245 | 0 | |a Seeds that give : | |
| 245 | 0 | |b Participatory plant breeding | |
| 245 | 0 | |c Ronnie Vernooy | |
| 260 | |a Canada | ||
| 260 | |b International development resesearch center | ||
| 260 | |c 2003 | ||
| 520 | |a This book presents fragments of the ardous biodiversity research work carried out and ongoing in numerous, often far away and little known places around the world. | ||
| 650 | |a Nhân giống cây trồng,Plant breeding | ||
| 904 | |i Mỹ Huệ, Hải | ||
| 980 | |a Trung tâm Học liệu Trường Đại học Cần Thơ | ||